<?xml version="1.0" encoding="UTF-8"?>
<record
    xmlns:xsi="http://www.w3.org/2001/XMLSchema-instance"
    xsi:schemaLocation="http://www.loc.gov/MARC21/slim http://www.loc.gov/standards/marcxml/schema/MARC21slim.xsd"
    xmlns="http://www.loc.gov/MARC21/slim">

  <leader>00821naa a22001937a 4500</leader>
  <controlfield tag="003">BPK</controlfield>
  <controlfield tag="005">20160311090458.0</controlfield>
  <controlfield tag="008">160311b1970    pl ||||| |||| 00| 0 pol  </controlfield>
  <datafield tag="040" ind1=" " ind2=" ">
    <subfield code="c">BPK</subfield>
  </datafield>
  <datafield tag="080" ind1=" " ind2=" ">
    <subfield code="a">93/94</subfield>
  </datafield>
  <datafield tag="100" ind1=" " ind2=" ">
    <subfield code="a">PERZY&#x143;SKI, Zbigniew.</subfield>
    <subfield code="d">1970 - 1987.</subfield>
    <subfield code="b">Wy&#x17C;sza Szko&#x142;a In&#x17C;ynierska w Koszalinie - Instytut Budownictwa,</subfield>
    <subfield code="c">Zak&#x142;ad Budownictwa Og&#xF3;lnego, Rolniczego i Przemys&#x142;owego</subfield>
  </datafield>
  <datafield tag="245" ind1=" " ind2=" ">
    <subfield code="a">BEP [Budowlane Przedsi&#x119;biorstwo Terenowe w Z&#x142;otowie] /</subfield>
    <subfield code="c">Zbigniew Perzy&#x144;ski.</subfield>
  </datafield>
  <datafield tag="260" ind1=" " ind2=" ">
    <subfield code="c">1970.</subfield>
  </datafield>
  <datafield tag="500" ind1=" " ind2=" ">
    <subfield code="a">Dane z kartoteki bpp.</subfield>
  </datafield>
  <datafield tag="650" ind1=" " ind2="0">
    <subfield code="a">Pami&#x119;tniki.</subfield>
  </datafield>
  <datafield tag="650" ind1=" " ind2="0">
    <subfield code="a">Z&#x142;ot&#xF3;w (woj. wielkopolskie) - historia.</subfield>
  </datafield>
  <datafield tag="773" ind1=" " ind2=" ">
    <subfield code="i">W :</subfield>
    <subfield code="t">Lata pionierskliego trudu. Wyb&#xF3;r wspomnie&#x144; mieszka&#x144;c&#xF3;w Ziemi Koszali&#x144;skiej / wyb&#xF3;r i oprac. Z. G&#x142;owacki, J. Narkowicz. -</subfield>
    <subfield code="d">Koszalin, 1970</subfield>
  </datafield>
  <datafield tag="942" ind1=" " ind2=" ">
    <subfield code="c">ART</subfield>
    <subfield code="2">UKD</subfield>
  </datafield>
  <datafield tag="999" ind1=" " ind2=" ">
    <subfield code="c">7570</subfield>
    <subfield code="d">7570</subfield>
  </datafield>
</record>
